000 nam a22 7a 4500
999 _c10066
_d10066
008 180210b ||||| |||| 00| 0 eng d
100 _aPowell, S
_96091
245 _aJerusalem
260 _aCanada
_bCenter mountain publication
_c1992